Southville International School and Colleges
Your cart is empty.
  • Cart
  • Lists
    Public lists Eva Luna New books Lux_list list_1
    Your lists Log in to create your own lists
  • Log in to your account
  • Your cookies
  • Search history
Southville International School and Colleges
  • Advanced search
  • Recent comments
  • Most popular
  • Libraries

Log in to your account

Log in with GOOGLE


If you do not have an external account, but do have a local account, you can still log in:

  1. Home
  2. MARC view: Schools that learn :
Normal view MARC view ISBD view

Schools that learn : (Record no. 305430)

[ view plain ]
MARC details
000 -LEADER
fixed length control field 00749nam a2200241Ia 4500
008 - FIXED-LENGTH DATA ELEMENTS--GENERAL INFORMATION
fixed length control field 170203s9999 xx 000 0 und d
020 ## - INTERNATIONAL STANDARD BOOK NUMBER
International Standard Book Number 385493231
050 ## - LIBRARY OF CONGRESS CALL NUMBER
Classification number 370
050 ## - LIBRARY OF CONGRESS CALL NUMBER
Item number .Sc474 2000
100 ## - MAIN ENTRY--PERSONAL NAME
Personal name Senge, Peter M. [et al.].
245 ## - TITLE STATEMENT
Title Schools that learn :
245 ## - TITLE STATEMENT
Remainder of title a fifth discipline fieldbook for educators, parents, and everyone who cares about education /
245 ## - TITLE STATEMENT
Statement of responsibility, etc Peter Senge .. [et al.].
250 ## - EDITION STATEMENT
Edition statement 1st Currency pbk. Edition
260 ## - PUBLICATION, DISTRIBUTION, ETC. (IMPRINT)
Place of publication, distribution, etc New York :
260 ## - PUBLICATION, DISTRIBUTION, ETC. (IMPRINT)
Name of publisher, distributor, etc Doubleday,
260 ## - PUBLICATION, DISTRIBUTION, ETC. (IMPRINT)
Date of publication, distribution, etc 2000
300 ## - PHYSICAL DESCRIPTION
Extent 592 pages ;
300 ## - PHYSICAL DESCRIPTION
Dimensions 23 cm
500 ## - GENERAL NOTE
General note "A Fifth discipline resource."
650 ## - SUBJECT ADDED ENTRY--TOPICAL TERM
Topical term or geographic name as entry element Organizational learning -- United States.
650 ## - SUBJECT ADDED ENTRY--TOPICAL TERM
Topical term or geographic name as entry element Organizational learning -- United States.
Holdings
Withdrawn status Lost status Damaged status Home library Current library Shelving location Date acquired Total Checkouts Full call number Barcode Date last seen Price effective from Koha item type
      Stonyhurst Southville International School (Batangas) Stonyhurst Southville International School (Batangas)   02/03/2017   370 .Sc474 2000 US-1440 02/03/2017 02/03/2017 Books

Schools that learn :

APA

Senge P. M. [. a., .Schools that learn. New York: .

Chicago

Senge Peter M [et al.], .Schools that learn. New York: .

Harvard

Senge P. M. [. a., .Schools that learn. New York: .

MLA

Senge Peter M [et al.], .New York: . .

  • Place hold
  • Print
  • Cite
  • Add to your cart (remove)
  • Save record
    BIBTEX Dublin Core MARCXML MARC (non-Unicode/MARC-8) MARC (Unicode/UTF-8) MARC (Unicode/UTF-8, Standard) MODS (XML) RIS
  • More searches
    Search for this title in:
    Other Libraries (WorldCat) Other Databases (Google Scholar) Online Stores (Bookfinder.com) Open Library (openlibrary.org)

Exporting to Dublin Core...

SOUTHVILLE LIBRARY

Southville International School and Colleges Library

1281 Tropical Ave. Cor. Luxembourg St., BF Homes International, Las Pinas City

Tel. No. 8256374 / 252358 Loc. 117/146

Powered by Koha